00476nam a2200193 a 4500001001300000003000900013005001700022008004100039020001100080082001500091100001600106245002800122260004200150300000800192500003500200505001000235650002100245700001600266nice12345678IN_TiNIC20260116012710.0050524s1985 cana grp 000 0 eng  ac0.9500a223.9bHAR aHarlow, R E aLover and the Preacher. aCanadabEvery Day Publications c1985 a78p aincludes index and biblioraphy2 aIndex aBible O.T. Songs1 aHarlow, R E